000 00537nam a2200193Ia 4500
005 20260429112301.0
008 260429s9999||||xx |||||||||||||| ||und||
020 _a9781666867770
041 _aEnglish
082 _a616.96
_bALB
100 _aAlbright, Sean
245 0 _aEssentials of parasitic microbiology /
_cSean Albright
260 _aWilmington :
_bAmerican Academic Publisher,
_c2024.
300 _axiv, 295 p.; hb
650 _a Medical microbiology
650 _a Microbiology
650 _aParasitology
942 _cTB
999 _c53306
_d53306